Cross-dock: rýchlo a efektívne

Rozvoj hypermarketov, ku ktorému došlo na konci 90. rokov, priniesol okrem iného začiatok využívania cross-dockingových operácií. Cross-dock je vhodný pre obchody aj výrobu. Problémom je nižšia transparentnosť. Základom je kvalitné plánovanie. Outsourcing prináša flexibilitu a maximalizuje úspory.

Enregistré dans:
Détails bibliographiques
Auteur principal: Brezovský, Jozef
Format: Chapitre de livre
Langue:slovaque
Sujets:
Tags: Ajouter un tag
Pas de tags, Soyez le premier à ajouter un tag!

MARC

LEADER 00000naa a2200000 4500
001 0247190
005 20180831095336.5
041 0 |a slo 
044 |a CZ 
245 1 0 |a Cross-dock: rýchlo a efektívne  |c Jozef Brezovský 
520 |a Rozvoj hypermarketov, ku ktorému došlo na konci 90. rokov, priniesol okrem iného začiatok využívania cross-dockingových operácií. Cross-dock je vhodný pre obchody aj výrobu. Problémom je nižšia transparentnosť. Základom je kvalitné plánovanie. Outsourcing prináša flexibilitu a maximalizuje úspory. 
610 2 0 |a skladovanie 
610 2 0 |a sklady centrálne 
610 2 0 |a zásobovanie 
610 2 0 |a distribúcia 
610 2 0 |a obchod 
610 2 0 |a maloobchod 
610 2 0 |a výroba 
610 2 0 |a plánovanie 
610 2 0 |a outsourcing 
100 1 |a Brezovský, Jozef